O homem da laranja (Registo nº 1555)

Detalhes MARC
000 -Etiqueta do registo
Cabeçalho 00714nam0a2200241 4500
005 - Identificador da versão
Campo de controlo 20240813121840.0
010 ## - Número internacional normalizado dos livros (ISBN)
Número (ISBN) 9727722466
021 ## - Número do Depósito Legal
Código do país PT
Número 164420/01
100 ## - Dados gerais de processamento
Dados gerais de processamento 20151030d2001 am y0pory5003 ba
102 ## - Pais de publicação ou produção
País de publicação Portugal
101 0# - Língua de publicação
Língua do texto, banda sonora, etc. Português
215 ## - Descrição física 
Indicação específica da natureza do documento e extensão da espécie 57, [2] p
200 1# - Titulo e menção de responsabilidade
Título próprio O homem da laranja
Primeira menção de responsabilidade Francisco Santos
210 ## - Publicação, Distribuição, etc. 
Lugar da edição, distribuição, etc. Lisboa
Nome do editor, distribuidor, etc. Colibri
Lugar da edição, distribuição, etc. Portimão
Nome do editor, distribuidor, etc. Câmara Munuicipal
Data da publicação, distribuição, etc. 2001
300 ## - Notas gerais 
Texto da nota Prémio Manuel Teixeira Gomes - 2000 (Menção honrosa)
606 ## - Nome comum usado como assunto
Número de registo de entrada de autoridade 0002010
Palavra de ordem Literatura portuguesa
Subdivisão de assunto Conto
Código do sistema CA
675 ## - Classificação Decimal Universal (CDU)
Notação 821.134.3-34
Edição 3ª ed.
Língua da edição por
700 #1 - Nome de autor-pessoa física (responsabilidade principal)
Número de registo de entrada de autoridade 0002659
Palavra de ordem Santos
Outra parte do nome não tomada para palavra de ordem Francisco
Datas 1960-
966 ## - Identificação da Biblioteca
Sigla EB2,3ENM
942 ## - Elementos de entrada adicionados (Koha)
Tipo de item no Koha Livro
Exemplares
Situação do levantamento Origin of item (home branch) (coded) Biblioteca de empréstimo Código de barras Cota Circulation type (not for loan) Tipo de documento Nota do exemplar Damaged status
  Biblioteca Escolar Eng. Nuno Mergulhão Biblioteca Escolar Eng. Nuno Mergulhão BENM671 82LP-34 SAN   Livro Sem mensagem  
  Biblioteca Escolar Eng. Nuno Mergulhão Biblioteca Escolar Eng. Nuno Mergulhão BENM3680 82LP-34 SAN   Livro Sem mensagem